| 000 | 01143cam a2200301 a 4500 | ||
|---|---|---|---|
| 001 | 11791463 | ||
| 003 | OSt | ||
| 005 | 20170210124457.0 | ||
| 008 | 990917s2000 nju b 001 0 eng | ||
| 010 | _a 99048460 | ||
| 020 | _a0130257141 | ||
| 040 |
_aDLC _cDLC _dDLC |
||
| 050 | 0 | 0 |
_aJF51 _b.E218 2000 |
| 082 | 0 | 0 |
_a320.5/09/04 _221 |
| 100 | 1 | _aEbenstein, Alan O. | |
| 245 | 1 | 0 |
_aToday's isms : _bsocialism, capitalism, fascism, communism, libertarianism / _cAlan Ebenstein, William Ebenstein, Edwin Fogelman. |
| 250 | _a11th ed. | ||
| 260 |
_aUpper Saddle River, N.J. : _bPrentice Hall, _cc2000. |
||
| 300 |
_axi, 212 p. ; _c23 cm. |
||
| 504 | _aIncludes bibliographical references and index. | ||
| 650 | 0 | _aComparative government. | |
| 650 | 0 | _aComparative economics. | |
| 700 | 1 |
_aEbenstein, William, _d1910- |
|
| 700 | 1 | _aFogelman, Edwin. | |
| 906 |
_a7 _bcbc _corignew _d1 _eocip _f19 _gy-gencatlg |
||
| 942 |
_2lcc _cBK |
||
| 999 |
_c255469 _d255468 |
||